[Event "2017 Alberta Youth"]
[Site "?"]
[Date "2017.02.26"]
[Round "4"]
[White "Chao, Lucy"]
[Black "Wang, Jeff"]
[Result "0-1"]
[WhiteElo "1459"]
[BlackElo "1870"]
[PlyCount "50"]
[EventDate "2017.04.26"]
[SourceDate "2017.09.01"]

1. e4 c5 2. Nf3 d6 3. d4 cxd4 4. Nxd4 Nf6 5. Nc3 g6 6. Be3 Bg7 7. f3 O-O 8. Qd2
Nc6 9. O-O-O d5 10. exd5 Nxd5 11. Nxc6 bxc6 12. Nxd5 cxd5 13. Qxd5 Qc7 14. Qxa8
Bf5 15. Qxf8+ Kxf8 16. Rd2 h5 17. Be2 Qb8 18. b3 Qc7 19. Rhd1 Kg8 20. Bc4 Kh7
21. h3 Qa5 22. Kb1 Qc3 23. Bd4 Bxd4 24. Rxd4 Qxc2+ 25. Ka1 Qc3# 0-1

[Event "2017 Edmonton International Qualifier"]
[Site "?"]
[Date "2017.04.29"]
[Round "2"]
[White "Bertrand, Daryl"]
[Black "Arakelian, Henadzi"]
[Result "0-1"]
[WhiteElo "2035"]
[BlackElo "2096"]
[PlyCount "76"]
[EventDate "2017.??.??"]
[SourceDate "2017.09.01"]

1. e4 e5 2. Nf3 Nf6 3. Bc4 Nc6 4. Ng5 d5 5. exd5 Na5 6. Bb5+ c6 7. dxc6 bxc6 8.
Be2 h6 9. Nh3 Bc5 10. d3 O-O 11. Nc3 Bd4 12. Be3 c5 13. Bxd4 cxd4 14. Ne4 Rb8
15. Nxf6+ Qxf6 16. b3 Nc6 17. a3 Bxh3 18. gxh3 Qh4 19. Bf3 Ne7 20. Bg2 f5 21.
Qe2 Ng6 22. O-O Rbe8 23. Qf3 Nf4 24. Rfe1 Kh8 25. c3 dxc3 26. Rab1 Rf6 27. Bf1
Rg6+ 28. Kh1 Qg5 29. Be2 Nxe2 30. h4 Qc1 31. Rbxc1 Nxc1 32. Qd1 Na2 33. Qc2 Rd8
34. Qxa2 Rxd3 35. Qc2 e4 36. b4 Rd2 37. Qc1 Rxf2 38. b5 c2 0-1

[Event "2017 Edmonton International"]
[Site "?"]
[Date "2017.06.21"]
[Round "3"]
[White "Banerjee, Bitan"]
[Black "Arruebarrena, Rafael"]
[Result "1-0"]
[WhiteElo "2456"]
[BlackElo "2323"]
[PlyCount "73"]
[EventDate "2017.??.??"]
[SourceDate "2017.09.01"]

1. d4 Nf6 2. c4 e6 3. Nc3 Bb4 4. e3 O-O 5. Nge2 d5 6. a3 Be7 7. cxd5 Nxd5 8.
Bd2 Nd7 9. g3 N5f6 10. Bg2 c6 11. O-O e5 12. b4 exd4 13. Nxd4 Nb6 14. Qb3 Bg4
15. h3 Bd7 16. a4 Nbd5 17. Nce2 Qc8 18. e4 Nc7 19. Kh2 Rd8 20. Rac1 a6 21. f4
Bf8 22. e5 Nfd5 23. g4 Re8 24. Ng3 Qd8 25. Ne4 Bc8 26. Rcd1 h6 27. Be1 Ne6 28.
Nf5 Qb6 29. a5 Qc7 30. Nfd6 Rd8 31. Bg3 Qb8 32. f5 Nec7 33. g5 hxg5 34. Nxg5 f6
35. Rxd5 fxg5 36. Rdd1+ Kh7 37. Qf7 1-0

[Event "2017 Edmonton International"]
[Site "?"]
[Date "2017.06.21"]
[Round "2"]
[White "Matras-Clement, Agnieszka"]
[Black "Banerjee, Bitan"]
[Result "0-1"]
[WhiteElo "2305"]
[BlackElo "2456"]
[PlyCount "132"]
[EventDate "2017.??.??"]
[SourceDate "2017.09.01"]

1. e4 c5 2. Nf3 d6 3. d4 cxd4 4. Nxd4 Nf6 5. Nc3 a6 6. Be3 e5 7. Nb3 Be6 8. f3
Be7 9. Qd2 O-O 10. O-O-O a5 11. Bb5 Na6 12. g4 Nc7 13. g5 Nh5 14. Kb1 Qc8 15.
a4 Nxb5 16. Nxb5 Qc4 17. Nc3 Rfb8 18. Qd3 Qc6 19. Nd2 Rd8 20. Qb5 Rdc8 21. h4
Ra6 22. Rh2 Bf8 23. Nb3 Bc4 24. Qxc6 bxc6 25. Nc1 f6 26. Nd3 d5 27. Bc5 Bxd3
28. Bxf8 Bc4 29. Bc5 d4 30. Na2 Nf4 31. gxf6 Ne6 32. Be7 Bxa2+ 33. Kxa2 Kf7 34.
Ba3 gxf6 35. Rg2 Nf4 36. Rg3 c5 37. Rdg1 Nh5 38. Rg4 Rd6 39. Rd1 Rd7 40. Rg2
Nf4 41. Rf2 c4 42. b3 cxb3+ 43. cxb3 d3 44. Rfd2 Rdc7 45. Bb2 Rc2 46. Kb1 Ke6
47. Rc1 Rxd2 48. Rxc8 Kd7 49. Rc1 Rf2 50. Rd1 Rxf3 51. Bc3 f5 52. exf5 e4 53.
Be5 Nd5 54. Kc1 Rxf5 55. Bd4 Rf4 56. h5 Rh4 57. Re1 Ke6 58. Kd2 Rh2+ 59. Kd1
Rh4 60. Kd2 Kf5 61. Rf1+ Kg5 62. Be3+ Kg4 63. Rg1+ Kf5 64. Rf1+ Ke6 65. h6 Rh2+
66. Rf2 Nxe3 0-1

[Event "2017 Edmonton International"]
[Site "?"]
[Date "2017.06.22"]
[Round "5"]
[White "Shabalov, Alex"]
[Black "Banerjee, Bitan"]
[Result "1-0"]
[WhiteElo "2587"]
[BlackElo "2456"]
[PlyCount "117"]
[EventDate "2017.??.??"]
[SourceDate "2017.09.01"]

1. d4 Nf6 2. Bf4 g6 3. Nf3 Bg7 4. e3 O-O 5. Be2 c5 6. c3 d6 7. Na3 cxd4 8. exd4
Nd5 9. Bg3 a6 10. Qb3 Nc7 11. Nc4 Nc6 12. Nb6 Rb8 13. Rd1 Bf5 14. O-O Ne6 15.
Nd5 b5 16. Ne3 Be4 17. Qa3 b4 18. Qxa6 Na5 19. Nd2 bxc3 20. bxc3 Bb7 21. Qd3 f5
22. Nc2 Nc7 23. Bh4 Qe8 24. Nb4 Qf7 25. f3 Ne6 26. Qe3 Rbc8 27. Bf2 Nc7 28.
Rfe1 Nd5 29. Nxd5 Bxd5 30. a4 Bf6 31. Bb5 Rc7 32. Rb1 Rfc8 33. Rec1 Kg7 34. Qd3
Qe6 35. Ba6 Ra8 36. c4 Bxf3 37. d5 Be2 38. Qa3 Qe5 39. Bb5 Qf4 40. Qe3 Qg4 41.
h3 Qh5 42. c5 Bxb5 43. axb5 Rxc5 44. Rxc5 dxc5 45. Qxc5 Nb7 46. Qe3 f4 47. Qf3
Qxf3 48. Nxf3 Rd8 49. Rd1 e5 50. Rc1 Nd6 51. b6 e4 52. Nd4 e3 53. Ne6+ Kg8 54.
Nxd8 exf2+ 55. Kxf2 Bxd8 56. Rc6 Be7 57. Kf3 Kf7 58. Rc7 Nb5 59. Rxe7+ 1-0

[Event "2017 Edmonton International"]
[Site "?"]
[Date "2017.06.24"]
[Round "7"]
[White "Haessel, Dale"]
[Black "Banerjee, Bitan"]
[Result "0-1"]
[WhiteElo "2316"]
[BlackElo "2456"]
[PlyCount "70"]
[EventDate "2017.??.??"]
[SourceDate "2017.09.01"]

1. d4 Nf6 2. c4 g6 3. Nc3 Bg7 4. e4 d6 5. h3 O-O 6. Nf3 e5 7. d5 a5 8. Bg5 Na6
9. Be2 Qe8 10. g4 Nd7 11. Nd2 Ndc5 12. a3 Bd7 13. Qc2 c6 14. O-O-O cxd5 15.
Nxd5 f6 16. Be3 Ba4 17. b3 Bc6 18. a4 Bxd5 19. cxd5 Nb4 20. Qb1 Rc8 21. Kb2 f5
22. gxf5 gxf5 23. f3 Kh8 24. Nc4 Qd8 25. Rhg1 Bf6 26. Rc1 f4 27. Bd2 Bh4 28.
Nxa5 Qxa5 29. Ka3 Bf2 30. Bxb4 Qb6 31. Rg2 Be3 32. Bxc5 Bxc5+ 33. Ka2 Qb4 34.
Qd3 Qa3+ 35. Kb1 Bd4 0-1

[Event "2017 Edmonton International"]
[Site "?"]
[Date "2017.06.24"]
[Round "8"]
[White "Ng, Gary"]
[Black "Banerjee, Bitan"]
[Result "0-1"]
[WhiteElo "2339"]
[BlackElo "2456"]
[PlyCount "66"]
[EventDate "2017.??.??"]
[SourceDate "2017.09.01"]

1. Nf3 Nf6 2. c4 g6 3. b3 Bg7 4. Bb2 O-O 5. g3 c6 6. Bg2 a5 7. O-O d5 8. d3 Na6
9. Nbd2 Qb6 10. Rc1 Bf5 11. cxd5 cxd5 12. Bd4 Qd6 13. Re1 Qd7 14. Ne5 Qd8 15.
Qc2 Ng4 16. Qb2 f6 17. Nxg4 Bxg4 18. h3 Bc8 19. f4 Qd6 20. Nf3 b6 21. e4 Nb4
22. e5 Qd8 23. Rc3 Bf5 24. Bf1 Rc8 25. Rxc8 Qxc8 26. exf6 exf6 27. Bxb6 Nxd3
28. Bxd3 Bxd3 29. Kh2 Be4 30. Nd4 Qa6 31. Bc5 Rc8 32. Rc1 f5 33. a3 Bxd4 0-1

[Event "2017 Edmonton International Qualifier"]
[Site "?"]
[Date "2017.04.30"]
[Round "5"]
[White "Mah, Sean"]
[Black "Blyznyuk, Vladimir"]
[Result "1-0"]
[WhiteElo "1567"]
[BlackElo "1510"]
[PlyCount "91"]
[EventDate "2017.??.??"]
[SourceDate "2017.09.01"]

1. e4 d5 2. exd5 Qxd5 3. Nc3 Qd6 4. d4 Nf6 5. Nf3 Bg4 6. Nb5 Qd8 7. h3 Bh5 8.
g4 Bg6 9. Bc4 c6 10. Nc3 e6 11. Qe2 Be7 12. Bf4 O-O 13. O-O-O Nd5 14. Bd2 Bb4
15. Nxd5 Bxd2+ 16. Rxd2 cxd5 17. Bd3 Bxd3 18. Rxd3 Nd7 19. Ne5 Qg5+ 20. Kb1
Nxe5 21. Qxe5 Qxe5 22. dxe5 Rac8 23. f4 Rc4 24. Rf1 Rfc8 25. Rf2 Re4 26. b3 b5
27. a3 a5 28. c3 h6 29. Rff3 Re1+ 30. Kb2 g6 31. Rde3 Rxe3 32. Rxe3 Kg7 33. Rd3
f5 34. Rd4 Kf7 35. a4 bxa4 36. Rxa4 Ra8 37. b4 Ke7 38. Rxa5 Rxa5 39. bxa5 Kd7
40. gxf5 gxf5 41. Kb3 Kc7 42. Kb4 Kc6 43. a6 Kb6 44. a7 Kxa7 45. Kc5 Kb7 46.
Kd6 1-0

[Event "2017 Edmonton International Qualifier"]
[Site "?"]
[Date "2017.04.29"]
[Round "3"]
[White "Rohatynski, Jordan"]
[Black "Blyznyuk, Vladimir"]
[Result "1-0"]
[WhiteElo "1656"]
[BlackElo "1508"]
[PlyCount "56"]
[EventDate "2017.??.??"]
[SourceDate "2017.09.01"]

1. Nf3 Nf6 2. c4 e6 3. Nc3 d5 4. cxd5 exd5 5. d4 Be7 6. Bf4 c6 7. e3 Bg4 8. h3
Bh5 9. g4 Bg6 10. Bd3 Ne4 11. Ne5 Bb4 12. Bxe4 Bxe4 13. f3 Qh4+ 14. Ke2 Bg6 15.
Qb3 Bxc3 16. Qxb7 Bxb2 17. Qxa8 O-O 18. Nxg6 fxg6 19. Rab1 Nd7 20. Qxc6 Bxd4
21. Qxd5+ Kh8 22. Qxd4 Nb6 23. Be5 Rd8 24. Bxg7+ Kg8 25. Qf6 Qg3 26. Qxd8+ Kxg7
27. Qe7+ Kh6 28. Qf8+ Kg5 1-0

[Event "2017 Edmonton International Qualifier"]
[Site "?"]
[Date "2017.04.30"]
[Round "5"]
[White "Ludwig, Michael"]
[Black "Briones, Dante"]
[Result "0-1"]
[WhiteElo "1933"]
[BlackElo "1996"]
[PlyCount "158"]
[EventDate "2017.??.??"]
[SourceDate "2017.09.01"]

1. c4 e5 2. Nc3 Nf6 3. g3 Bb4 4. Qb3 Nc6 5. e3 Bxc3 6. Qxc3 O-O 7. Bg2 e4 8.
Ne2 d6 9. d4 d5 10. b3 Re8 11. Bb2 a5 12. Nf4 g5 13. Nxd5 Nxd5 14. cxd5 Nb4 15.
O-O Nxd5 16. Qd2 g4 17. Rac1 Qd6 18. Rc5 b6 19. Rc2 Bd7 20. Rfc1 h5 21. a4 c6
22. Bf1 Kh7 23. Bc4 Rg8 24. Bxd5 Qxd5 25. Rc3 Rg6 26. Qe2 h4 27. Qc4 Qf5 28.
Qe2 Rh6 29. Rc4 Qd5 30. R4c3 Kg6 31. Qc4 Qf5 32. d5 c5 33. R3c2 Qf3 34. Qe2 Qf5
35. Qc4 f6 36. Rd1 Bc8 37. Qb5 Ba6 38. Qxb6 Bd3 39. Rcd2 Rhh8 40. Qd6 hxg3 41.
fxg3 Ra6 42. Qe7 Qxd5 43. Rf1 Qg5 44. Rdf2 Bxf1 45. Qxe4+ f5 46. Qb7 Rh7 47.
Qc8 Bd3 48. Qg8+ Kh6 49. Qf8+ Kh5 50. Qe8+ Qg6 51. Qd8 Qe6 52. Qxd3 Kg6 53. Rf4
Kg5 54. Bc1 Rd6 55. Rxf5+ Qxf5 56. Qxd6 Kh5 57. Qf4 Qxf4 58. gxf4 Re7 59. Bd2
Rb7 60. Bxa5 Rxb3 61. Bc7 Rxe3 62. Bb6 Rc3 63. a5 c4 64. a6 Ra3 65. a7 c3 66.
Bc5 Ra2 67. Be3 c2 68. f5 Rxa7 69. Bxa7 c1=Q+ 70. Kg2 Qc2+ 71. Bf2 Qe4+ 72. Kg1
Qxf5 73. Kg2 Qf3+ 74. Kg1 Kg6 75. Bg3 Kf5 76. Bf2 Ke4 77. Bc5 Kd3 78. h3 gxh3
79. Bf2 Qg2# 0-1

[Event "2017 Edmonton International Qualifier"]
[Site "?"]
[Date "2017.04.29"]
[Round "1"]
[White "Blyznyuk, Vladimir"]
[Black "Briones, Dante"]
[Result "0-1"]
[WhiteElo "1510"]
[BlackElo "1996"]
[PlyCount "62"]
[EventDate "2017.??.??"]
[SourceDate "2017.09.01"]

1. d4 Nf6 2. c4 g6 3. Nc3 Bg7 4. e4 d6 5. Nf3 O-O 6. Be2 e5 7. d5 Nh5 8. Nd2
Nf4 9. Bf3 Nd3+ 10. Ke2 Nf4+ 11. Ke1 Nd7 12. b4 Nd3+ 13. Ke2 Nxb4 14. Nb3 f5
15. Ba3 Na6 16. Qc2 Nf6 17. c5 b6 18. cxd6 cxd6 19. Nb5 Nc5 20. Bxc5 bxc5 21.
Rab1 fxe4 22. Bxe4 Nxe4 23. Qxe4 Bf5 24. Qa4 Bxb1 25. Rxb1 e4 26. Na5 Qh4 27.
g3 Qxh2 28. Rf1 Qg2 29. Nxd6 Qf3+ 30. Kd2 Qd3+ 31. Kc1 Qxf1+ 0-1

[Event "2017 Edmonton International Qualifier"]
[Site "?"]
[Date "2017.04.29"]
[Round "1"]
[White "Arakelian, Hernadzi"]
[Black "Chandra, Anand Rishi"]
[Result "0-1"]
[WhiteElo "2096"]
[BlackElo "1657"]
[PlyCount "100"]
[EventDate "2017.??.??"]
[SourceDate "2017.09.01"]

1. c4 e5 2. Nc3 Nf6 3. g3 d5 4. cxd5 Nxd5 5. Bg2 Be6 6. Nf3 Nc6 7. d3 h6 8. O-O
Be7 9. a3 O-O 10. Bd2 Qd7 11. Rc1 a6 12. Na4 Rad8 13. Nc5 Bxc5 14. Rxc5 Qe7 15.
Rxc6 bxc6 16. Nxe5 Qd6 17. Nc4 Qe7 18. Qa4 Nb6 19. Nxb6 cxb6 20. Qxa6 Bc8 21.
Qxb6 Qxe2 22. Bc3 Rxd3 23. Bxc6 Bh3 24. Bg2 Bxg2 25. Kxg2 Qf3+ 26. Kg1 Rfd8 27.
Re1 Rd1 28. Qe3 Rxe1+ 29. Bxe1 Qb7 30. Qe2 Qb3 31. Kg2 Qb7+ 32. f3 Qb3 33. Bc3
Qa4 34. Qe5 Qc2+ 35. Kh3 f6 36. Qe6+ Kh8 37. f4 Qb1 38. Kh4 Qc2 39. Kh3 Qb1 40.
a4 Qf1+ 41. Kh4 Qg2 42. h3 Qc2 43. a5 Qd3 44. g4 Qc2 45. Kh5 Qd3 46. g5 Qf3+
47. Qg4 Qd5 48. Kg6 Qe4+ 49. Kh5 Rd5 50. Kh4 hxg5+ 0-1

[Event "2017 Edmonton International Qualifier"]
[Site "?"]
[Date "2017.04.29"]
[Round "3"]
[White "Dave, Bhavik"]
[Black "Chandra, Anand Rishi"]
[Result "1-0"]
[WhiteElo "1857"]
[BlackElo "1657"]
[PlyCount "24"]
[EventDate "2017.??.??"]
[SourceDate "2017.09.01"]

1. d4 d5 2. c4 e6 3. Nc3 Nf6 4. cxd5 exd5 5. Bg5 Nbd7 6. e3 c6 7. Bd3 h6 8. Bf4
Qb6 9. Qc2 Be7 10. Nge2 Nh5 11. O-O Nxf4 12. Nxf4 O-O 1-0

[Event "2017 Edmonton International Qualifier"]
[Site "?"]
[Date "2017.04.29"]
[Round "1"]
[White "Wang, Kaixin"]
[Black "Chao, Lucy"]
[Result "1-0"]
[WhiteElo "1971"]
[BlackElo "1467"]
[PlyCount "95"]
[EventDate "2017.??.??"]
[SourceDate "2017.09.01"]

1. e4 c5 2. c3 Nf6 3. e5 Nd5 4. Bc4 e6 5. d4 cxd4 6. cxd4 Bb4+ 7. Bd2 Qb6 8.
Nf3 Nc6 9. Bxd5 exd5 10. Bxb4 Qxb4+ 11. Qd2 d6 12. Nc3 Be6 13. a3 Qa5 14. exd6
O-O 15. O-O Rad8 16. b4 Qb6 17. Na4 Qb5 18. Nc5 Rxd6 19. Qf4 Rdd8 20. Nxe6 fxe6
21. Qg4 Rde8 22. Ng5 Nd8 23. Rae1 Qd7 24. Re2 Qe7 25. Rfe1 Qf6 26. f3 Qf4 27.
Qxf4 Rxf4 28. Nxe6 Nxe6 29. Rxe6 Rxe6 30. Rxe6 Kf7 31. Rd6 Rxd4 32. Rd7+ Kf8
33. Rxb7 a5 34. b5 Ra4 35. Rd7 Rxa3 36. b6 Ke8 37. b7 Kxd7 38. b8=Q Kc6 39.
Qe8+ Kb6 40. Qe6+ Kb5 41. Qxd5+ Kb4 42. Qd4+ Kb3 43. Qxg7 a4 44. f4 Kc4 45. f5
Rd3 46. Qa1 a3 47. f6 Kb3 48. Qf1 1-0

[Event "2017 Edmonton International Qualifier"]
[Site "?"]
[Date "2017.04.30"]
[Round "4"]
[White "Harris, Adam"]
[Black "Chao, Lucy"]
[Result "1-0"]
[WhiteElo "1890"]
[BlackElo "1467"]
[PlyCount "67"]
[EventDate "2017.??.??"]
[SourceDate "2017.09.01"]

1. c4 c5 2. Nc3 Nc6 3. Nf3 Nf6 4. g3 e6 5. Bg2 Be7 6. O-O b6 7. e3 a6 8. d4
cxd4 9. exd4 Bb7 10. d5 Na5 11. Qd3 exd5 12. cxd5 Qc7 13. Re1 d6 14. Bf4 O-O
15. Rac1 Bc8 16. Nb5 Qd8 17. Nc3 Nb7 18. b4 Bd7 19. Nd4 b5 20. Nc6 Bxc6 21.
dxc6 Ng4 22. cxb7 Qb6 23. bxa8=Q Qxf2+ 24. Kh1 Rxa8 25. Qf3 Qb2 26. Qxa8+ Bf8
27. Bxd6 Nf2+ 28. Kg1 Nh3+ 29. Bxh3 Qxb4 30. Bxb4 h6 31. Bf5 g6 32. Qxf8+ Kh7
33. Qxf7+ Kh8 34. Re8# 1-0

[Event "Calgary International Qualifier"]
[Site "?"]
[Date "2017.??.??"]
[Round "2.6"]
[White "Milne, Art"]
[Black "Daniluk, Jim"]
[Result "0-1"]
[WhiteElo "1587"]
[BlackElo "2020"]
[PlyCount "80"]
[EventDate "2017.??.??"]
[SourceDate "2017.09.01"]

1. f4 g5 2. d3 gxf4 3. Bxf4 Bg7 4. Nc3 e5 5. Bg3 d5 6. e4 d4 7. Nb1 c5 8. a4
Nc6 9. Be2 Nf6 10. c3 Qa5 11. Qd2 h5 12. Nf3 Ng4 13. O-O Bh6 14. Qe1 h4 15.
Nxh4 Ne3 16. Na3 Nxf1 17. Nc4 Qc7 18. Qxf1 Be6 19. Qf6 Rh7 20. Nf5 Bxc4 21.
Nd6+ Kf8 22. Nxc4 Bf4 23. Bxf4 exf4 24. Rf1 f3 25. Qxf3 Qxh2+ 26. Kf2 Ne5 27.
Nxe5 Qxe5 28. Ke1 dxc3 29. b3 c2 30. Kd2 Qb2 31. Rc1 Rh1 32. Bf1 Qxb3 33. Rxc2
Qxa4 34. e5 Qb4+ 35. Ke2 Rh4 36. e6 Qg4 37. Rxc5 Qxf3+ 38. Kxf3 fxe6 39. Rc7
Rb4 40. g4 a5 0-1

[Event "2017 Edmonton International Qualifier"]
[Site "?"]
[Date "2017.04.29"]
[Round "1"]
[White "Zeggelaar, Mike"]
[Black "Darvekar, Yash"]
[Result "1-0"]
[WhiteElo "2006"]
[BlackElo "1356"]
[PlyCount "47"]
[EventDate "2017.??.??"]
[SourceDate "2017.09.01"]

1. e4 c5 2. Nf3 g6 3. d4 cxd4 4. c3 e5 5. Nxe5 Qe7 6. cxd4 f6 7. Nf3 d5 8. e5
Bg4 9. Bb5+ Nd7 10. O-O a6 11. Bxd7+ Qxd7 12. Re1 Kd8 13. Nc3 Bb4 14. exf6 Nxf6
15. Bg5 Rf8 16. Re5 Bxc3 17. Qb3 Bxf3 18. gxf3 Kc8 19. Bxf6 Rxf6 20. Rxd5 Qh3
21. Qxc3+ Kb8 22. Rd8+ Ka7 23. Qc5+ b6 24. Qc7# 1-0

[Event "2017 Edmonton International Qualifier"]
[Site "?"]
[Date "2017.04.29"]
[Round "2"]
[White "Tam, Erik"]
[Black "Dave, Bhavik"]
[Result "1-0"]
[WhiteElo "2142"]
[BlackElo "185"]
[PlyCount "82"]
[EventDate "2017.??.??"]
[SourceDate "2017.09.01"]

1. e4 e5 2. Nf3 Nc6 3. Bc4 Nf6 4. d3 Be7 5. O-O d6 6. a4 O-O 7. a5 Bg4 8. c3 a6
9. h3 Be6 10. Nbd2 d5 11. Bb3 d4 12. Nc4 Nd7 13. cxd4 exd4 14. g4 h5 15. Nh2
Nc5 16. f4 Nb4 17. f5 Bd7 18. Bc2 Bb5 19. b3 Bf6 20. Nf3 Nxe4 21. dxe4 d3 22.
e5 dxc2 23. Qe2 Be7 24. gxh5 Qd3 25. Qg2 Qxf5 26. Nd4 Qxh5 27. Nf5 Bc5+ 28. Be3
Bxe3+ 29. Ncxe3 g6 30. Rf4 Bc6 31. Qg3 Rfe8 32. Ng4 Nd5 33. Nfh6+ Kh8 34. Rxf7
Rf8 35. Raf1 Rxf7 36. Nxf7+ Kg7 37. Nfh6 Rf8 38. Rxf8 c1=Q+ 39. Rf1 Qc5+ 40.
Kh2 Bd7 41. Rf7+ Kh8 1-0

[Event "2017 Edmonton International Qualifier"]
[Site "?"]
[Date "2017.04.30"]
[Round "4"]
[White "Malek, Omid"]
[Black "Dave, Bhavik"]
[Result "1-0"]
[WhiteElo "2198"]
[BlackElo "1857"]
[PlyCount "49"]
[EventDate "2017.??.??"]
[SourceDate "2017.09.01"]

1. d4 Nf6 2. Bg5 Ne4 3. Bf4 c5 4. d5 Qb6 5. Nc3 Nf6 6. Qd2 d6 7. e4 Nbd7 8. Nf3
g6 9. Rb1 Ng4 10. Bb5 a6 11. Bxd7+ Bxd7 12. h3 Nf6 13. O-O Bg7 14. e5 dxe5 15.
Nxe5 O-O 16. Rfe1 Rfe8 17. a3 Qd8 18. Qe3 Rc8 19. g4 b5 20. Rbd1 b4 21. Ne4
Nxe4 22. Qxe4 bxa3 23. bxa3 Bxe5 24. Qxe5 Bb5 25. Bh6 1-0

[Event "2017 Edmonton International Qualifier"]
[Site "?"]
[Date "2017.04.30"]
[Round "5"]
[White "Darvekar, Yash"]
[Black "Dinelle, Robert"]
[Result "1-0"]
[WhiteElo "1586"]
[BlackElo "1604"]
[PlyCount "73"]
[EventDate "2017.??.??"]
[SourceDate "2017.09.01"]

1. e4 c6 2. d4 d5 3. e5 Bf5 4. Bf4 e6 5. c4 Bxb1 6. Rxb1 Bb4+ 7. Bd2 Qa5 8. Nf3
Ne7 9. Be2 O-O 10. a3 Bxd2+ 11. Nxd2 dxc4 12. Bxc4 b5 13. Bb3 Na6 14. O-O Rfd8
15. Ne4 Nf5 16. Qh5 Qc7 17. Ng5 h6 18. Nxe6 fxe6 19. Bxe6+ Kh8 20. Qxf5 Rxd4
21. Rbd1 Rad8 22. Rxd4 Rxd4 23. Bc8 Nc5 24. Qf8+ Kh7 25. Qxc5 Rd5 26. Qc2+ g6
27. Be6 Rxe5 28. Bb3 c5 29. g3 Qe7 30. Ba2 Re2 31. Qb3 Qg7 32. Qxb5 Rxb2 33.
Qc4 Rd2 34. Re1 Qf8 35. Re7+ Kh8 36. Qc3+ Rd4 37. Rxa7 1-0

[Event "2017 Edmonton International"]
[Site "?"]
[Date "2017.06.24"]
[Round "7"]
[White "Villavieja, Butch"]
[Black "Findlay, Ian"]
[Result "0-1"]
[WhiteElo "2194"]
[BlackElo "2274"]
[PlyCount "116"]
[EventDate "2017.??.??"]
[SourceDate "2017.09.01"]

1. e4 c5 2. Nc3 Nc6 3. Bb5 Nd4 4. Bc4 e6 5. d3 Ne7 6. Bg5 h6 7. Bxe7 Bxe7 8.
Nf3 b5 9. Bxb5 Qb6 10. a4 a6 11. a5 Qb8 12. Ba4 Qxb2 13. Ne2 Nxf3+ 14. gxf3 Qf6
15. Ng3 h5 16. Ke2 Kf8 17. Nf1 Rb8 18. Rb1 Rb4 19. Rxb4 cxb4 20. Ne3 Qd4 21.
Qa1 Bc5 22. Qxd4 Bxd4 23. Rb1 Bc5 24. Nc4 Ke7 25. d4 Bxd4 26. Rxb4 Ba7 27. Nb6
Bxb6 28. Rxb6 h4 29. f4 Rh5 30. Kf3 Rxa5 31. Bb3 f5 32. e5 Ra3 33. Ke2 a5 34.
Kd2 a4 35. Bc4 Kd8 36. Bd3 Ra1 37. Rb8 Kc7 38. Ra8 Kb7 39. Ra5 Kb6 40. Ra8 Kb7
41. Ra5 a3 42. Bc4 Kb6 43. Ra8 Bb7 44. Ra4 Bc6 45. Ra6+ Kc5 46. Bd3 Bd5 47.
Ra5+ Kb6 48. Ra6+ Kb7 49. Ra5 a2 50. c4 Be4 51. Be2 Kb6 52. Ra3 Kc5 53. Ra6 Bc6
54. Bd3 Kd4 55. Ra3 Rh1 56. Rxa2 Rxh2 57. Be2 Rxf2 58. Ra3 Rxf4 0-1

[Event "2017 Edmonton International"]
[Site "?"]
[Date "2017.06.21"]
[Round "3"]
[White "Haessel, Dale"]
[Black "Findlay, Ian"]
[Result "1-0"]
[WhiteElo "2316"]
[BlackElo "2274"]
[PlyCount "49"]
[EventDate "2017.??.??"]
[SourceDate "2017.09.01"]

1. d4 Nf6 2. Nf3 e6 3. g3 d5 4. Bg2 Be7 5. c4 O-O 6. O-O dxc4 7. Ne5 c5 8. dxc5
Qc7 9. Nxc4 Rd8 10. Nbd2 Bxc5 11. b3 Nc6 12. Bb2 Bd7 13. Rc1 Rac8 14. e3 b5 15.
Bxf6 gxf6 16. Ne4 Be7 17. Ncd6 Rb8 18. Qg4+ Kf8 19. Qh5 Bxd6 20. Qh6+ Ke7 21.
Qxf6+ Ke8 22. Ng5 Bc8 23. Bxc6+ Kf8 24. Nxh7+ Kg8 25. Qg5+ 1-0

[Event "2017 Edmonton International"]
[Site "?"]
[Date "2017.06.25"]
[Round "9"]
[White "Banerjee, Bitan"]
[Black "Findlay, Ian"]
[Result "1-0"]
[WhiteElo "2456"]
[BlackElo "2274"]
[PlyCount "73"]
[EventDate "2017.??.??"]
[SourceDate "2017.09.01"]

1. d4 Nf6 2. c4 c5 3. d5 e6 4. Nc3 exd5 5. cxd5 d6 6. e4 g6 7. f4 Bg7 8. Bb5+
Nfd7 9. Nf3 a6 10. Bd3 b5 11. O-O O-O 12. Kh1 Nf6 13. e5 dxe5 14. fxe5 Nxd5 15.
Be4 Nxc3 16. Qxd8 Rxd8 17. Bxa8 Na4 18. b3 Nb6 19. Be4 Bg4 20. Bb2 Re8 21. Rad1
N8d7 22. Bd5 Re7 23. h3 Be6 24. Bxe6 Rxe6 25. Ng5 Re7 26. Nxf7 Rxf7 27. e6 Re7
28. exd7 Nxd7 29. Bxg7 Kxg7 30. Rd6 c4 31. bxc4 bxc4 32. Rxa6 Nc5 33. Rc6 Ne4
34. Rc1 c3 35. Rc4 Kf6 36. Kh2 Kf5 37. Rf1+ 1-0

[Event "2017 Edmonton International"]
[Site "?"]
[Date "2017.06.22"]
[Round "4"]
[White "Sohal, Tanraj"]
[Black "Findlay, Ian"]
[Result "1-0"]
[WhiteElo "2386"]
[BlackElo "2274"]
[PlyCount "85"]
[EventDate "2017.??.??"]
[SourceDate "2017.09.01"]

1. d4 Nf6 2. c4 c5 3. d5 e6 4. Nc3 exd5 5. cxd5 d6 6. Nf3 g6 7. Bf4 Bg7 8. Qa4+
Bd7 9. Qb3 b5 10. Bxd6 Qb6 11. Be5 O-O 12. e3 c4 13. Qd1 b4 14. Ne2 Rc8 15. Nf4
Bb5 16. Be2 Nbd7 17. Bd4 Qb7 18. O-O Nxd5 19. Nxd5 Qxd5 20. Bxg7 Qxd1 21. Rfxd1
Kxg7 22. Nd4 Ba6 23. Bg4 Ne5 24. Bxc8 Rxc8 25. b3 c3 26. a3 Nd3 27. axb4 c2 28.
Nxc2 Nxf2 29. Kxf2 Rxc2+ 30. Kg1 Bb7 31. Rxa7 Bxg2 32. Rdd7 Be4 33. Rxf7+ Kh6
34. Rae7 Bd3 35. Rf2 Rc1+ 36. Kg2 g5 37. Rd2 Rc3 38. Kf2 Rxb3 39. Rd7 Bg6 40.
R7d4 Kg7 41. h4 gxh4 42. Rxh4 Kf6 43. Rc4 1-0

[Event "2017 Edmonton International"]
[Site "?"]
[Date "2017.06.20"]
[Round "1"]
[White "Miller, David"]
[Black "Findlay, Ian"]
[Result "1/2-1/2"]
[WhiteElo "2223"]
[BlackElo "2274"]
[PlyCount "37"]
[EventDate "2017.??.??"]
[SourceDate "2017.09.01"]

1. e4 c5 2. Nc3 Nc6 3. Nf3 g6 4. d4 cxd4 5. Nxd4 Bg7 6. Be3 d6 7. f3 Nf6 8. Qd2
O-O 9. O-O-O d5 10. exd5 Nxd5 11. Nxc6 bxc6 12. Nxd5 cxd5 13. Qxd5 Qc7 14. Qc5
Qb8 15. b3 a5 16. Qb5 Qc7 17. Qc5 Qb8 18. Qb5 Qc7 19. Qc5 1/2-1/2

[Event "2017 Edmonton International Qualifier"]
[Site "?"]
[Date "2017.04.29"]
[Round "2"]
[White "Harris, Adam"]
[Black "Frialde, Arniel"]
[Result "0-1"]
[WhiteElo "1890"]
[BlackElo "2159"]
[PlyCount "62"]
[EventDate "2017.??.??"]
[SourceDate "2017.09.01"]

1. d4 Nf6 2. c4 e6 3. Nc3 b6 4. Nf3 Bb7 5. Bg5 d5 6. e3 Be7 7. Bxf6 Bxf6 8.
cxd5 exd5 9. Qa4+ c6 10. Be2 O-O 11. O-O a5 12. Rac1 b5 13. Qc2 Na6 14. a3 Nc7
15. e4 b4 16. e5 bxc3 17. exf6 Qxf6 18. bxc3 Ne6 19. Ne5 Rad8 20. Rb1 Ba8 21.
Qa4 Nf4 22. Bf3 Rfe8 23. Qxa5 h5 24. Rfe1 Qf5 25. Qc7 Rc8 26. Qa7 f6 27. Qf7+
Kh7 28. g4 Qc2 29. Rbc1 Rxe5 30. dxe5 Nh3+ 31. Kg2 Qxf2+ 0-1

[Event "2017 Edmonton International"]
[Site "?"]
[Date "2017.06.23"]
[Round "6"]
[White "Findlay, Ian"]
[Black "Frialde, Arniel"]
[Result "1-0"]
[WhiteElo "2274"]
[BlackElo "2213"]
[PlyCount "57"]
[EventDate "2017.??.??"]
[SourceDate "2017.09.01"]

1. e4 c5 2. Nf3 Nc6 3. d4 cxd4 4. Nxd4 Nf6 5. Nc3 e5 6. Ndb5 d6 7. Bg5 a6 8.
Na3 b5 9. Nd5 Be6 10. c3 Be7 11. Bxf6 gxf6 12. Nc2 f5 13. exf5 Bxf5 14. Nce3
Be6 15. a4 Rb8 16. axb5 axb5 17. Ra6 Qc8 18. Qf3 Nd4 19. cxd4 exd4 20. Rc6 Qd7
21. Rc7 Bxd5 22. Nxd5 Qe6+ 23. Be2 Bd8 24. Re7+ Bxe7 25. Nc7+ Kd7 26. Nxe6 fxe6
27. Qe4 Bf6 28. Bg4 Rhe8 29. O-O 1-0